[Event "TUR-ch (Women)"]
[Site "Gaziantep"]
[Date "2024.03.04"]
[Round "3"]
[White "Kalandadze, Nino"]
[Black "Dincer, Cagla"]
[Result "1/2-1/2"]
[WhiteElo "1761"]
[BlackElo "1613"]
[PlyCount "199"]
[EventDate "2024.03.03"]
[EventType "swiss"]
[EventRounds "9"]
[EventCountry "TUR"]
[SourceTitle "CB11_2024"]
[SourceDate "2024.03.13"]
[SourceVersion "1"]
[SourceVersionDate "2024.03.13"]
[SourceQuality "1"]

1. Nf3 e6 2. c4 f5 3. d4 Nf6 4. g3 Be7 5. Bg2 0-0 6. 0-0 d6 7. Nc3 Nc6 8. a3 a5 9. d5 exd5 10. cxd5 Ne5 11. Nd4 Qe8 12. Qc2 Bd8 13. Nxf5 Qh5 14. Ne3 Nfg4 15. Nxg4 Nxg4 16. h3 Ne5 17. f4 Nf7 18. g4 Qh4 19. Bd2 Nh6 20. Be1 Qe7 21. Ne4 Nf7 22. Bf2 h5 23. gxh5 Nh6 24. Ng5 Nf5 25. e4 Nh6 26. Bh4 Qe8 27. Qd1 Nf7 28. Qe2 Bd7 29. Rae1 Bxg5 30. Bxg5 Bb5 31. Qg4 Nxg5 32. Qxg5 Bxf1 33. Rxf1 Rd8 34. h6 Rd7 35. Bf3 Qe7 36. Qg3 Qf6 37. Bg4 Qd4+ 38. Kh2 Re7 39. Be6+ Kh8 40. Qh4 g5 41. Qxg5 Qxb2+ 42. Kh1 Qe2 43. Qg2 Qxg2+ 44. Kxg2 Kh7 45. f5 Rf6 46. Rb1 b6 47. Rf1 Kxh6 48. Rf4 Rg7+ 49. Kf3 Kh5 50. Kf2 b5 51. Rf3 Re7 52. Rg3 c5 53. Rg8 b4 54. axb4 axb4 55. Ke3 Ra7 56. e5 dxe5 57. d6 Rff7 58. Bxf7+ Rxf7 59. Ke4 Rb7 60. f6 b3 61. f7 Rxf7 62. Rb8 Rf4+ 63. Kxe5 Rb4 64. Rh8+ Kg6 65. d7 b2 66. d8Q Re4+ 67. Kxe4 b1Q+ 68. Kd5 Qb3+ 69. Kxc5 Qc3+ 70. Kb6 Qe3+ 71. Kc6 Qc3+ 72. Kb7 Qg7+ 73. Ka6 Qa1+ 74. Kb5 Qb2+ 75. Kc4 Qc2+ 76. Kd4 Qd2+ 77. Ke4 Qe2+ 78. Kd5 Qf3+ 79. Kd6 Qd3+ 80. Kc6 Qc3+ 81. Kb7 Qg7+ 82. Kb8 Qe5+ 83. Kc8 Qc3+ 84. Kd7 Qd4+ 85. Kc6 Qc3+ 86. Kd5 Qd3+ 87. Ke5 Qe3+ 88. Kd6 Qd4+ 89. Kc6 Qc3+ 90. Kb5 Qb2+ 91. Kc4 Qc2+ 92. Kd4 Qd2+ 93. Ke4 Qe2+ 94. Kd5 Qd3+ 95. Ke6 Qe4+ 96. Kd6 Qd4+ 97. Ke7 Qe5+ 98. Kd7 Qd4+ 99. Kc7 Qc3+ 100. Kb7 1/2-1/2

[Event "TUR-ch (Women)"]
[Site "Izmir"]
[Date "2023.10.17"]
[Round "2"]
[White "Kucuk, Aybike"]
[Black "Dincer, Cagla"]
[Result "1-0"]
[WhiteElo "1683"]
[BlackElo "1424"]
[PlyCount "119"]
[EventDate "2023.10.16"]
[EventType "tourn"]
[EventRounds "9"]
[EventCountry "TUR"]
[SourceTitle "Mega2024 Update 01"]
[Source "Chessbase"]
[SourceDate "2023.11.12"]
[SourceVersion "1"]
[SourceVersionDate "2023.11.12"]
[SourceQuality "1"]

1. e4 c5 2. Nf3 Nc6 3. Bb5 g6 4. Bxc6 bxc6 5. 0-0 Bg7 6. c3 d6 7. h3 Qc7 8. d4 cxd4 9. cxd4 Nf6 10. Nc3 0-0 11. Bf4 Nd7 12. Rc1 Ba6 13. Re1 Qb7 14. b3 Rfe8 15. Qc2 c5 16. d5 Rec8 17. Rb1 Qb4 18. Bd2 Qb6 19. Na4 Qd8 20. Bc3 Bh6 21. Rbd1 f6 22. Nb2 Bb5 23. Nd2 Ne5 24. Ndc4 Qd7 25. a4 Ba6 26. Bd2 Bxd2 27. Rxd2 Rab8 28. f4 Nxc4 29. bxc4 Rb4 30. e5 Rcb8 31. Qc3 Qb7 32. exf6 Rxb2 33. Rxb2 Qxb2 34. Qxb2 Rxb2 35. fxe7 Rb8 36. e8Q+ Rxe8 37. Rxe8+ Kf7 38. Re4 Bc8 39. Kf2 a5 40. g4 h5 41. Kg3 hxg4 42. hxg4 Bd7 43. Re3 Kf6 44. Rb3 Bxa4 45. Ra3 Bc2 46. Rxa5 Bb3 47. g5+ Ke7 48. Ra7+ Ke8 49. Rg7 Bxc4 50. Rxg6 Kd7 51. Rg7+ Ke8 52. f5 Bxd5 53. Kf4 c4 54. Ke3 c3 55. Rc7 Kf8 56. Rxc3 Bb7 57. Rc7 Bg2 58. f6 Bd5 59. g6 Be6 60. Ra7 1-0

[Event "TUR-ch (Women)"]
[Site "Ankara"]
[Date "2020.03.06"]
[Round "7"]
[White "Dincer, Cagla"]
[Black "Varol, Lara Liyna"]
[Result "1-0"]
[WhiteElo "1300"]
[BlackElo "1425"]
[PlyCount "131"]
[EventDate "2020.03.02"]
[EventType "swiss"]
[EventRounds "9"]
[EventCountry "TUR"]
[SourceTitle "CBM 195 Extra"]
[Source "ChessBase"]
[SourceDate "2020.05.31"]
[SourceVersion "1"]
[SourceVersionDate "2020.05.31"]
[SourceQuality "1"]

1. d4 Nf6 2. Bf4 e6 3. e3 b6 4. Nf3 Bb7 5. h3 Be7 6. Nbd2 d6 7. Bd3 Nd5 8. Bh2 Nd7 9. a3 c5 10. 0-0 0-0 11. c3 a6 12. Qc2 h6 13. Nc4 Qc7 14. e4 b5 15. exd5 bxc4 16. Bh7+ Kh8 17. dxe6 fxe6 18. Rfe1 Rf6 19. Bg3 Nf8 20. Be4 Bxe4 21. Qxe4 Rb8 22. Qe2 cxd4 23. Nxd4 e5 24. Nf3 Ng6 25. Rab1 Nf4 26. Bxf4 Rxf4 27. g3 Rf7 28. Nd2 Rc8 29. Qe4 Qc5 30. Re2 Bf6 31. Nf3 Rcf8 32. Rd1 Be7 33. Re3 Qb5 34. Rd2 Rf6 35. Nh4 Kg8 36. Ng6 Re8 37. Nxe7+ Rxe7 38. Qd5+ Qxd5 39. Rxd5 Rb7 40. Re2 Kf8 41. Red2 Ke7 42. Kf1 Rb6 43. Ke2 Rf8 44. Ke3 Rfb8 45. a4 Rxb2 46. Rxd6 Rxd2 47. Rxd2 Rb3 48. Ke4 Rxc3 49. Kxe5 Rc1 50. Kd4 c3 51. Re2+ Kd6 52. Kd3 Ra1 53. Re4 c2 54. Kxc2 Ra2+ 55. Kd3 Rxf2 56. Rg4 g5 57. Ke3 Rf5 58. h4 Ke6 59. Rb4 Rd5 60. Rb6+ Rd6 61. Rxd6+ Kxd6 62. hxg5 hxg5 63. Kd4 Ke6 64. Ke4 a5 65. g4 Kf6 66. Kd5 1-0

[Event "TUR-ch (Women)"]
[Site "Ankara"]
[Date "2020.03.02"]
[Round "1"]
[White "Dincer, Cagla"]
[Black "Kaya, Emel"]
[Result "0-1"]
[WhiteElo "1300"]
[BlackElo "1936"]
[PlyCount "64"]
[EventDate "2020.03.02"]
[EventType "swiss"]
[EventRounds "9"]
[EventCountry "TUR"]
[SourceTitle "CBM 195 Extra"]
[Source "ChessBase"]
[SourceDate "2020.05.31"]
[SourceVersion "1"]
[SourceVersionDate "2020.05.31"]
[SourceQuality "1"]

1. d4 g6 2. Bf4 Bg7 3. Nc3 d6 4. e4 Nd7 5. Qd2 c5 6. dxc5 Nxc5 7. f3 Bd7 8. Be3 Qa5 9. Nge2 Nf6 10. h4 Rc8 11. Bd4 Ne6 12. 0-0-0 Nxd4 13. Nxd4 0-0 14. Nb3 Qb4 15. a3 Qb6 16. Kb1 Be6 17. Nd4 Nd7 18. Na4 Qc7 19. Nb5 Qb8 20. h5 a6 21. Nd4 b5 22. Nc3 b4 23. axb4 a5 24. Ba6 axb4 25. Nce2 Qa7 26. Nxe6 Qxa6 27. Qd5 Ra8 28. Kc1 Qxe2 29. Kb1 Rfc8 30. Rd2 Qa6 31. c3 bxc3 32. bxc3 Qa1+ 0-1

[Event "TUR-ch (Women)"]
[Site "Antalya"]
[Date "2019.03.07"]
[Round "7"]
[White "Kucuk, Aybike"]
[Black "Dincer, Cagla"]
[Result "1/2-1/2"]
[WhiteElo "1230"]
[BlackElo "1318"]
[PlyCount "47"]
[EventDate "2019.03.03"]
[EventType "swiss"]
[EventRounds "9"]
[EventCountry "TUR"]
[SourceTitle "CBM 189 Extra"]
[Source "ChessBase"]
[SourceDate "2019.06.03"]
[SourceVersion "1"]
[SourceVersionDate "2019.06.03"]
[SourceQuality "1"]

1. e4 c5 2. Nf3 g6 3. d4 cxd4 4. Nxd4 Nc6 5. Nc3 Bg7 6. Nf3 d6 7. Bb5 Bd7 8. 0-0 Nf6 9. Bg5 0-0 10. Qd2 Ng4 11. h3 Nge5 12. Be2 Rc8 13. Nb5 Nxf3+ 14. Bxf3 Qb6 15. c4 Ne5 16. Be2 Nxc4 17. Bxc4 Rxc4 18. Bxe7 Bxb5 19. Bxf8 Bxf8 20. Rfe1 Bc6 21. e5 dxe5 22. Rxe5 Qc7 23. Qe2 Rc2 24. Qxc2 1/2-1/2